ALL Till Lindemann songs - in the right order - Statistics

General Stats
  • This quiz has been taken 8 times
  • The average score is 13 of 15
Answer Stats
% Correct
Altes Fleisch
100%
Sport frei
100%
Zunge
100%
Alles für die Kinder
88%
Du hast kein Herz
88%
Entre dos tierras
88%
Ich hasse Kinder
88%
Lecker
88%
Nass
88%
Schweiss
88%
Selbst verliebt
88%
Tanzlehrerin
88%
Übers meer
88%
Alle Tage ist kein Sonntag
75%
Lubimiy gorod
50%
No matching quizzes found
Score Distribution
Percent of People with Each Score
Percentile by Number Answered
Your Score History
You have not taken this quiz